Представление документа в формате MARC21

Поле Инд. ПП Название Значение
Тип записи a
Библиографический уровень b
001 Контрольный номер UNIDUBNAf9b11940f38d48b195ee30d97aa91805
005 Дата корректировки 20230914122523.7
008 Кодируемые данные 20170331
040 b Код языка каталог. rus
e Правила каталог. PSBO
041 0_ a Код языка текста rus
084 a Индекс другой классификации/Индекс ББК 88.72-5; 88.93
100 1_ a Автор Идрисова А. А.
245 10 a Заглавие Когнитивный тренинг как форма психологической работы в психоневрологическом интернате
504 a Библиография Лит. в конце статьи
520 0_ a Аннотация Наиболее эффективные результаты в работе с проживающими психоневрологического интерната дают когнитивные психологические тренинги. Они представляют собой специальные программы и методики для тренировки памяти, внимания и других познавательных процессов. Основная аудитория тренингов когнитивных и социальных навыков - пожилые люди или люди, страдающие определенными расстройствами и заболеваниями. Программа психологических тренингов: с. 51 - 54.
650 14 a Основная рубрика клиническая психология (медицинская психология)
a Основная рубрика познавательные процессы
a Основная рубрика практическая психология (прикладная психология)
a Основная рубрика психокоррекция
a Основная рубрика психология
a Основная рубрика специальная психология
653 0_ a Ключевые слова внимание
a Ключевые слова групповые тренинги
a Ключевые слова качество жизни
a Ключевые слова когнитивные способности
a Ключевые слова коммуникативные проблемы
a Ключевые слова комплексное сопровождение
a Ключевые слова ментальные нарушения
a Ключевые слова ограниченные возможности здоровья
a Ключевые слова память
a Ключевые слова пожилые люди
a Ключевые слова психическое развитие
a Ключевые слова психокоррекционные методики
a Ключевые слова психологические тренинги
a Ключевые слова психологическое сопровождение
a Ключевые слова психоневрологические интернаты
a Ключевые слова психоневрологические расстройства
a Ключевые слова реабилитационные центры
a Ключевые слова социализация
a Ключевые слова социальное взаимодействие
a Ключевые слова социально-психологическое сопровождение
a Ключевые слова социальные связи
773 08 t Заглавие источника Работник социальной службы
d Дата издания источника 2022
g Прочая информация № 11. - С. 50 - 54 : табл.
w Контрольный № источника UNIDUBNA8bd8192dbad048689c2ba491c1c5a80b
901 t Тип документа b